LA CLASE POLITICA/

TRADUCCION DE: LA CLASSE POLITICA

Salvato in:
Dettagli Bibliografici
Autore principale: Mosca, Gaetano (autor)
Natura: Libro
Serie:POPULAR; 260
Soggetti:
Tags: Aggiungi Tag
Nessun Tag, puoi essere il primo ad aggiungerne!!

MARC

LEADER 00000nam^a2200000^a^4500
001 000222558
005 20250521000000.0
009 20260310103949.663
020 |a 968-16-1629-4 
035 |a 041618 
037 |a Acervo Xavier Clavigero 
082 |a 320.  |b MOS 
100 |a Mosca, Gaetano  |e (autor) 
245 1 3 |a LA CLASE POLITICA/  |c GAETANO MOSCA; TR. MARCOS LARA 
264 |a MEXICO :  |b FONDO DE CULTURA ECONOMICA,  |c 1984 
300 |a 351p. 
336 |a texto  |b txt  |2 rdacontenido 
337 |a sin mediación  |b n  |2 rdamedio 
338 |a volumen  |b nc  |2 rdasoporte 
440 |a POPULAR;  |v 260 
520 |a TRADUCCION DE: LA CLASSE POLITICA 
520 |a INCLUYE BIBLIOGRAFIA 
649 |a XX 
650 |a Política -  |x Teoría 
910 |a Fondo General 
920 |a Impresos - Libros 
930 |a Colección General 
905 |a 101 
901 |a 041618  |b IT1  |c ACC  |i 041618  |u 20250521 
902 |a https://opac.biblio.iteso.mx/vufind/Record/000222558